[Event "AUTO-ELITE-821"]
[Site "http://www.queenalice.com/game.php?id=979937"]
[Date "2011.9.1"]
[Round "1"]
[White "AASGUAIRA"]
[Black "edsDr23"]
[Result "1/2-1/2"]
[WhiteElo "2288"]
[BlackElo "2395"]

1. d4 f5 2. Nf3 Nf6 3. Nc3 d5 4. Bf4 c6 5. e3 e6 6. Be2 Bd6 7. O-O O-O 8. a4 Ne4
9. a5 Qc7 10. g3 Nd7 11. Qd3 Rf7 12. Rfd1 Rf6 13. Ra4 Rb8 14. Bxd6 Qxd6 15. Raa1
Qb4 16. Rdb1 Qd6 17. Re1 1/2-1/2

[Event "AUTO-ELITE-821"]
[Site "http://www.queenalice.com/game.php?id=979938"]
[Date "2011.9.1"]
[Round "1"]
[White "edsDr23"]
[Black "AASGUAIRA"]
[Result "1/2-1/2"]
[WhiteElo "2392"]
[BlackElo "2291"]

1. d4 Nf6 2. c4 e6 3. Nc3 d5 4. g3 Nc6 5. Bg2 Bb4 6. cxd5 exd5 7. Nf3 O-O 8. O-O
Re8 9. Bf4 Bxc3 10. bxc3 Ne4 11. Qd3 Bf5 12. Nh4 Bd7 13. c4 dxc4 14. Qxc4 g5 15.
d5 b5 16. Qd3 Nb4 1/2-1/2

[Event "AUTO-ELITE-821"]
[Site "http://www.queenalice.com/game.php?id=979939"]
[Date "2011.9.1"]
[Round "1"]
[White "AASGUAIRA"]
[Black "josekasparov"]
[Result "0-1"]
[WhiteElo "2236"]
[BlackElo "2311"]

1. d4 Nf6 2. c4 g6 3. Nc3 d5 4. Nf3 Bg7 5. Bg5 c6 6. e3 Bg4 7. Qb3 Nbd7 8. Qxb7
O-O 9. Qxc6 Rb8 10. cxd5 Rxb2 11. Rc1 Qa5 12. Qa6 Rxa2 13. Qxa5 Rxa5 14. Nd2
Nxd5 15. Nb3 Ra3 16. Nxd5 Rxb3 17. f3 Be6 18. Nxe7+ Kh8 19. d5 Bf5 0-1

[Event "AUTO-ELITE-821"]
[Site "http://www.queenalice.com/game.php?id=979940"]
[Date "2011.9.1"]
[Round "1"]
[White "josekasparov"]
[Black "AASGUAIRA"]
[Result "1-0"]
[WhiteElo "2321"]
[BlackElo "2226"]

1. d4 Nf6 2. Nf3 d5 3. c4 dxc4 4. Nc3 c6 5. a4 Qa5 6. Bd2 Qf5 7. e3 Be6 8. Ne5
Nbd7 9. Nxc4 Qg6 10. Qf3 Nd5 11. e4 Bg4 12. Qg3 Nxc3 13. bxc3 Qxe4+ 14. Ne3 Be6
15. f3 Qg6 16. Qc7 Rb8 17. a5 Bb3 18. a6 Qd6 19. Qxd6 exd6 20. axb7 Rxb7 21. Ba6
Rb6 22. Bd3 1-0

[Event "AUTO-ELITE-822"]
[Site "http://www.queenalice.com/game.php?id=981098"]
[Date "2011.9.4"]
[Round "1"]
[White "AASGUAIRA"]
[Black "dadge"]
[Result "1/2-1/2"]
[WhiteElo "2307"]
[BlackElo "2207"]

1. d4 d5 2. Nf3 Nf6 3. Bf4 e6 4. e3 Be7 5. h3 Nbd7 6. Nc3 a6 7. a4 c5 8. Be2 O-O
9. O-O b6 10. Nd2 Bb7 11. Bd3 c4 12. Be2 Bb4 13. Rb1 Bc6 14. Na2 Bxd2 15. Qxd2
Ne4 16. Qb4 a5 17. Qe1 Bxa4 18. f3 Nef6 19. b3 cxb3 1/2-1/2

[Event "AUTO-ELITE-822"]
[Site "http://www.queenalice.com/game.php?id=981099"]
[Date "2011.9.4"]
[Round "1"]
[White "dadge"]
[Black "AASGUAIRA"]
[Result "1/2-1/2"]
[WhiteElo "2170"]
[BlackElo "2311"]

1. e4 c5 2. Nf3 Nc6 3. d4 cxd4 4. Nxd4 e5 5. Nb5 d6 6. Be2 Nf6 7. N1c3 a6 8. Na3
Nd4 9. Bd3 Be6 10. O-O Be7 11. Nc4 O-O 12. Be3 Rc8 13. Nd2 d5 14. exd5 Nxd5 15.
Nxd5 Qxd5 16. Be4 Qb5 17. c3 Nf5 18. Bxf5 Bxf5 1/2-1/2

[Event "AUTO-ELITE-822"]
[Site "http://www.queenalice.com/game.php?id=981100"]
[Date "2011.9.4"]
[Round "1"]
[White "AASGUAIRA"]
[Black "boydelta"]
[Result "1/2-1/2"]
[WhiteElo "2294"]
[BlackElo "2368"]

1. d4 e6 2. c4 Nf6 3. Nf3 b6 4. Nc3 Bb7 5. e3 Bb4 6. Bd2 O-O 7. Bd3 d5 8. cxd5
exd5 9. O-O Nbd7 10. h3 c5 11. dxc5 bxc5 12. Rb1 d4 13. exd4 1/2-1/2

[Event "AUTO-ELITE-822"]
[Site "http://www.queenalice.com/game.php?id=981101"]
[Date "2011.9.4"]
[Round "1"]
[White "boydelta"]
[Black "AASGUAIRA"]
[Result "1/2-1/2"]
[WhiteElo "2366"]
[BlackElo "2295"]

1. Nf3 d5 2. d4 Nc6 3. g3 Bf5 4. Bg2 e6 5. O-O Nf6 6. a3 h6 7. Nbd2 Bd6 8. b4 a6
9. Nb3 O-O 10. Bb2 a5 11. b5 Ne7 12. Nc5 b6 13. Nd3 c6 1/2-1/2

[Event "AUTO-ELITE-823"]
[Site "http://www.queenalice.com/game.php?id=981606"]
[Date "2011.9.5"]
[Round "1"]
[White "AASGUAIRA"]
[Black "AndyWo"]
[Result "0-1"]
[WhiteElo "2291"]
[BlackElo "2623"]

1. d4 Nf6 2. c4 e6 3. Nf3 d5 4. Nc3 c6 5. e3 Nbd7 6. Qc2 Bd6 7. Bd3 O-O 8. Bd2
dxc4 9. Bxc4 e5 10. O-O Qe7 11. b3 h6 12. Nh4 Qd8 0-1

[Event "AUTO-ELITE-823"]
[Site "http://www.queenalice.com/game.php?id=981607"]
[Date "2011.9.5"]
[Round "1"]
[White "AndyWo"]
[Black "AASGUAIRA"]
[Result "1-0"]
[WhiteElo "2624"]
[BlackElo "2289"]

1. e4 Nc6 2. Nf3 e5 3. Bc4 Bc5 4. c3 Nf6 5. d3 O-O 6. O-O Bb6 7. Bg5 h6 8. Bh4
a5 9. h3 d6 10. Na3 Re8 11. Bb5 Be6 12. Nc4 Bxc4 13. Bxc4 1-0

[Event "AUTO-ELITE-823"]
[Site "http://www.queenalice.com/game.php?id=981608"]
[Date "2011.9.5"]
[Round "1"]
[White "AASGUAIRA"]
[Black "trompmaster"]
[Result "1/2-1/2"]
[WhiteElo "2300"]
[BlackElo "2221"]

1. d4 Nf6 2. c4 d6 3. Nf3 Nbd7 4. Nc3 e5 5. e4 Be7 6. Qc2 c6 7. h3 Qc7 8. Be2 h6
9. O-O g5 10. b4 Nf8 11. Rd1 Ng6 12. a4 Nf4 13. Bxf4 gxf4 14. b5 1/2-1/2

[Event "AUTO-ELITE-823"]
[Site "http://www.queenalice.com/game.php?id=981609"]
[Date "2011.9.5"]
[Round "1"]
[White "trompmaster"]
[Black "AASGUAIRA"]
[Result "1/2-1/2"]
[WhiteElo "2208"]
[BlackElo "2298"]

1. d4 Nf6 2. Nf3 d5 3. e3 Nc6 4. Nbd2 g6 5. Bb5 Bd7 6. O-O Bg7 7. Bxc6 Bxc6 8.
Ne5 Bd7 9. f4 a5 10. a4 Bf5 11. c4 dxc4 12. Ndxc4 O-O 13. b3 Ne4 14. g4 Be6 15.
Bb2 Bxe5 1/2-1/2

[Event "AUTO-ELITE-825"]
[Site "http://www.queenalice.com/game.php?id=982263"]
[Date "2011.9.7"]
[Round "1"]
[White "lupengui"]
[Black "AASGUAIRA"]
[Result "1-0"]
[WhiteElo "2687"]
[BlackElo "2305"]

1. e4 c5 2. Nf3 Nc6 3. Bb5 e6 4. O-O Nge7 5. d4 cxd4 6. Nxd4 Nxd4 7. Qxd4 Nc6 8.
Qc3 Qc7 9. h3 a6 10. Be2 b5 11. Be3 Bd6 12. a4 Be5 13. Qe1 bxa4 14. Rxa4 Bxb2
15. c3 Qb7 16. Qd1 Qc7 17. Qc2 Rb8 18. Nd2 f5 19. Nc4 1-0

[Event "AUTO-ELITE-825"]
[Site "http://www.queenalice.com/game.php?id=982264"]
[Date "2011.9.7"]
[Round "1"]
[White "AASGUAIRA"]
[Black "lupengui"]
[Result "0-1"]
[WhiteElo "2304"]
[BlackElo "2705"]

1. d4 Nf6 2. c4 g6 3. Nf3 Bg7 4. Nc3 d5 5. Bg5 Ne4 6. Bf4 Nxc3 7. bxc3 O-O 8. e3
c5 9. h4 Bg4 10. Rb1 Nc6 11. Rxb7 e5 12. Bxe5 Nxe5 13. dxe5 Bxe5 14. Qb3 Bxf3
15. gxf3 Qf6 16. cxd5 Rab8 17. Be2 c4 18. Qb1 Rxb7 19. Qxb7 Rb8 20. Qc6 Rb1+ 0-1

[Event "AUTO-ELITE-825"]
[Site "http://www.queenalice.com/game.php?id=982269"]
[Date "2011.9.7"]
[Round "1"]
[White "AASGUAIRA"]
[Black "Rafvanmar"]
[Result "0-1"]
[WhiteElo "2217"]
[BlackElo "2428"]

1. d4 Nf6 2. c4 g6 3. Nf3 Bg7 4. Nc3 d6 5. e4 O-O 6. h3 Nbd7 7. Be2 c5 8. d5 a6
9. O-O Rb8 10. Qc2 b6 11. Re1 Bb7 12. Be3 e6 13. dxe6 fxe6 14. Rad1 Ne8 15. Qd2
Ne5 16. Nxe5 Bxe5 0-1

[Event "AUTO-ELITE-825"]
[Site "http://www.queenalice.com/game.php?id=982270"]
[Date "2011.9.7"]
[Round "1"]
[White "Rafvanmar"]
[Black "AASGUAIRA"]
[Result "1-0"]
[WhiteElo "2432"]
[BlackElo "2211"]

1. d4 Nf6 2. c4 e6 3. Nc3 Bb4 4. Qc2 O-O 5. a3 Bxc3+ 6. Qxc3 d5 7. Bg5 h6 8. Bh4
Nc6 9. e3 g5 10. Bg3 h5 11. f3 dxc4 12. Bxc4 h4 13. Bf2 Nd5 14. Qc2 Qf6 15. g3
Bd7 16. gxh4 gxh4 17. Qe4 1-0

[Event "AUTO-ELITE-826"]
[Site "http://www.queenalice.com/game.php?id=983370"]
[Date "2011.9.10"]
[Round "1"]
[White "tupi_guarani"]
[Black "AASGUAIRA"]
[Result "1-0"]
[WhiteElo "2499"]
[BlackElo "2297"]

1. d4 Nf6 2. c4 c5 3. d5 e6 4. Nc3 exd5 5. cxd5 Bd6 6. Nf3 O-O 7. Bg5 h6 8. Bh4
Bc7 9. e3 d6 10. Bd3 Qe7 11. O-O 1-0

[Event "AUTO-ELITE-826"]
[Site "http://www.queenalice.com/game.php?id=983371"]
[Date "2011.9.10"]
[Round "1"]
[White "AASGUAIRA"]
[Black "tupi_guarani"]
[Result "0-1"]
[WhiteElo "2303"]
[BlackElo "2495"]

1. d4 Nf6 2. c4 d5 3. cxd5 c6 4. dxc6 Nxc6 5. Nf3 e5 6. Nxe5 Nxe5 7. dxe5 Qxd1+
8. Kxd1 Ng4 9. Ke1 Bc5 10. e3 Nxe5 11. Nd2 O-O 12. Be2 Bf5 0-1

[Event "QA-ANNIV-07"]
[Site "http://www.queenalice.com/game.php?id=992199"]
[Date "2011.10.1"]
[Round "2"]
[White "AASGUAIRA"]
[Black "Shydo"]
[Result "1-0"]
[WhiteElo "2304"]
[BlackElo "1813"]

1. d4 Nf6 2. c4 d5 3. Nc3 g6 4. cxd5 Nxd5 5. e4 Nxc3 6. bxc3 Bg7 7. Nf3 O-O 8.
Ba3 Bg4 9. Be2 Bxf3 10. Bxf3 Re8 11. O-O e5 12. Qb3 b6 13. Rad1 Nc6 14. Qa4 exd4
15. Qxc6 Qg5 16. cxd4 Rac8 17. e5 Re6 18. Qc4 c5 19. Bd5 Re7 20. e6 f6 21. dxc5
Rec7 22. h4 Qf5 23. Be4 Qe5 24. e7+ Kh8 25. Rd8+ 1-0